<?xml version="1.0" encoding="UTF-8"?>
<record
    xmlns:xsi="http://www.w3.org/2001/XMLSchema-instance"
    xsi:schemaLocation="http://www.loc.gov/MARC21/slim http://www.loc.gov/standards/marcxml/schema/MARC21slim.xsd"
    xmlns="http://www.loc.gov/MARC21/slim">

  <leader>01137nam a2200205 a 4500</leader>
  <controlfield tag="008">011117e1996    ag  |||g |||| 000 1 spa d</controlfield>
  <datafield tag="020" ind1=" " ind2=" ">
    <subfield code="a">9505460961</subfield>
  </datafield>
  <datafield tag="041" ind1=" " ind2=" ">
    <subfield code="a">spa</subfield>
  </datafield>
  <datafield tag="092" ind1=" " ind2=" ">
    <subfield code="c">808</subfield>
    <subfield code="l">51</subfield>
    <subfield code="s">MEN</subfield>
  </datafield>
  <datafield tag="100" ind1="1" ind2=" ">
    <subfield code="a">Menapace, Mamerto</subfield>
    <subfield code="9">4139</subfield>
  </datafield>
  <datafield tag="245" ind1=" " ind2=" ">
    <subfield code="a">Nuestra tierra y nuestra fe /</subfield>
    <subfield code="c">Mamerto Menapace</subfield>
  </datafield>
  <datafield tag="250" ind1=" " ind2=" ">
    <subfield code="a">7a ed.</subfield>
  </datafield>
  <datafield tag="260" ind1=" " ind2=" ">
    <subfield code="a">Buenos Aires:</subfield>
    <subfield code="b">Patria Grande;</subfield>
    <subfield code="c">1996.</subfield>
  </datafield>
  <datafield tag="300" ind1=" " ind2=" ">
    <subfield code="a">119 p.</subfield>
  </datafield>
  <datafield tag="500" ind1=" " ind2=" ">
    <subfield code="a">Menapace, M. (1996). Nuestra tierra y nuestra fe. (7a ed.). Buenos Aires : Patria Grande.</subfield>
  </datafield>
  <datafield tag="505" ind1=" " ind2=" ">
    <subfield code="a">Dos ideales luchaban por ganar el territorio de mis im&#xE0;genes : uno era el de ser misionero e irme tierra adentro. El otro, era partir hacia la gran ciudad para contar all&#xE0; todas las cosas del campo, sus cuentos , sus canciones ...Hoy reconozco que no se trataba de dos ideales diferentes. Era una misma fidelidad a dos vivencias profundas. Mi tierra y mi fe siempre marcharon enancadas. Creo  que a Tata Dios siempre lo comprend&#xEC; con un alma de campesino . Y a mi tierra siempre la vi desde la &#xF2;ptica de la fe.</subfield>
  </datafield>
  <datafield tag="590" ind1=" " ind2=" ">
    <subfield code="a">Donaci&#xF3;n. Proyecto Literatura 4to libro</subfield>
  </datafield>
  <datafield tag="655" ind1=" " ind2=" ">
    <subfield code="a">Literatura</subfield>
    <subfield code="9">2917</subfield>
  </datafield>
  <datafield tag="942" ind1=" " ind2=" ">
    <subfield code="2">ddc</subfield>
    <subfield code="c">LIT</subfield>
  </datafield>
  <datafield tag="999" ind1=" " ind2=" ">
    <subfield code="c">3100</subfield>
    <subfield code="d">3100</subfield>
  </datafield>
  <datafield tag="952" ind1=" " ind2=" ">
    <subfield code="0">0</subfield>
    <subfield code="1">0</subfield>
    <subfield code="2">ddc</subfield>
    <subfield code="4">0</subfield>
    <subfield code="7">0</subfield>
    <subfield code="a">BFM</subfield>
    <subfield code="b">BFM</subfield>
    <subfield code="c">CR</subfield>
    <subfield code="d">2021-03-15</subfield>
    <subfield code="e">Donaci&#xF3;n Constanzo, Juan Carlos. Marzo 2021</subfield>
    <subfield code="l">0</subfield>
    <subfield code="o">808 51 MEN</subfield>
    <subfield code="p">4657</subfield>
    <subfield code="r">2021-03-15</subfield>
    <subfield code="t">Ej.1</subfield>
    <subfield code="w">2021-03-15</subfield>
    <subfield code="y">LIT</subfield>
    <subfield code="z">Donaci&#xF3;n Constanzo, Juan Carlos. Marzo 2021</subfield>
  </datafield>
</record>
